Đất trắng Tiểu thuyết Phần 2

Spremljeno u:
Bibliografski detalji
Glavni autor: Nguyễn, Trọng Oánh
Format: Knjiga
Jezik:English
Izdano: Hà Nội Hội Nhà văn 2014
Serija:Tác phẩm văn học được giải thưởng Nhà nước
Teme:
Oznake: Dodaj oznaku
Bez oznaka, Budi prvi tko označuje ovaj zapis!
Thư viện lưu trữ: Trung tâm Học liệu Lê Vũ Hùng, Trường Đại học Đồng Tháp
LEADER 00898pam a22002538a 4500
001 00042022
008 170505s1996 ||||||engsd
005 20180810150821.0
020 # # |a 9786045326435 
041 0 # |a Vie 
082 0 4 |b Đ124TR  |a 895.922 334 
100 1 # |a Nguyễn, Trọng Oánh 
245 1 0 |n Phần 2  |b Tiểu thuyết  |c Nguyễn Trọng Oánh  |a Đất trắng 
260 # # |a Hà Nội  |b Hội Nhà văn  |c 2014 
300 # # |a 488 tr.  |c 21 cm  |b ảnh 
490 # # |a Tác phẩm văn học được giải thưởng Nhà nước 
653 # # |a Giải thưởng 
653 # # |a Tiểu thuyết 
653 # # |a Tác phẩm 
653 # # |a Việt Nam 
653 # # |a Văn học hiện đại 
852 # # |j KM.0025336  |j KD.0024015  |j KM.0026125 
910 |d 10/08/2018 
980 # # |a Trung tâm Học liệu Lê Vũ Hùng, Trường Đại học Đồng Tháp